Szczegóły MARC21

Kontrola finansowa : organizacja i funkcjonowanie /

003 -Nazwa inst., której nr kontr. jest w polu 001 [,]
    • @
    • Nazwa instytucji, której n kontrolny jest w polu 001
    • NUKAT
005 -DATA I CZAS OSTATNIEJ MODYFIKACJI [,]
    • @
    • pole kontrolne
    • 20241231090234.0
020 -Międzynarod. znormalizowany nr książki - ISBN [ , ]
    • a
    • Numer ISBN
    • 8320808057 Find
040 -Instytucja sporządzająca opis [ , ]
    • a
    • Instytucja, która sporządziła opis (NP)
    • LUBL M/mm
    • c
    • Instytucja, która sporządziła rekord (NP)
    • LUBL M/mm
    • d
    • Instytucja, która zmodyfikowała rekord (P)
    • LUBL M/JD
    • d
    • Instytucja, która zmodyfikowała rekord (P)
    • Ł U/MSs
942 -Rodzaj dokumentu [ , ]
    • c
    • Rodzaj dokumentu
    • Książka
100 -Hasło główne - nazwa osobowa [1, ]
    • a
    • Nazwa osobowa (NP)
    • Kurowski, Leon
    • d
    • Daty biograficzne (NP)
    • (1907-1998).
    • 9
    • KHW
    • 15091
245 -Strefa tytułu i oznaczenia odpowiedzialności [1,0]
    • a
    • Tytuł
    • Kontrola finansowa : Find
    • b
    • Ciąg dalszy tytułu (NP)
    • organizacja i funkcjonowanie / Find
    • c
    • Pozostałe elementy strefy tytułu i oznaczenia odpowiedzialności (NP)
    • Leon Kurowski, Hanna Sochacka-Krysiak.
260 -Strefa adresu wydawniczego [ , ]
    • a
    • Miejsce wydania (P)
    • Warszawa :
    • b
    • Nazwa wydawcy (P)
    • Państwowe Wydawnictwo Ekonomiczne,
    • c
    • Data wydania (P)
    • 1990.
300 -Strefa opisu fizycznego [ , ]
    • a
    • Określenie formy książki i/lub objętość (NP)
    • 329, [3] s. ;
    • c
    • Format (NP)
    • 21 cm.
336 -Typ zawartości [ , ]
    • a
    • Termin opisujący typ zawartości
    • Tekst
    • b
    • Kod określający zawartość
    • txt
    • 2
    • Źródło (terminu i kodu)
    • rdacontent
337 -Typ mediów [ , ]
    • a
    • Tryb odtwarzania
    • Bez urządzenia pośredniczącego
    • b
    • Kod typu mediów
    • n
    • 2
    • Źródło (terminu i kodu)
    • rdamedia
338 -Typ/rodzaj nośnika [ , ]
    • a
    • Hasło opisujące typ nośnika
    • Wolumin
    • b
    • Kod typu nośnika
    • nc
    • 2
    • Źródło (terminu i kodu)
    • rdacarrier
080 -Uniwersalna Klasyfikacja Dziesiętna [ , ]
    • 2
    • Identyfikator wydania tablic
    • UDC-P058
    • 9
    • UKD
    • 3121
    • a
    • Symbol klasyfikacji
    • 336
    • b
    • Dopowiedzenie
    • Finanse. Finanse publiczne. Cła. Bankowość. Pieniądz.
    • 4
    • UKD2
    • 7642
    • x
    • Poddział wspólny
    • (438)
    • c
    • Dopowiedzenie poddz. wspólnego
    • (Polska).
080 -Uniwersalna Klasyfikacja Dziesiętna [ , ]
    • 2
    • Identyfikator wydania tablic
    • UDC-P058
    • 9
    • UKD
    • 3657
    • a
    • Symbol klasyfikacji
    • 351.9
    • b
    • Dopowiedzenie
    • Kontrola i nadzór nad administracją publiczną. Kontrola państwowa. Najwyższa Izba Kontroli. Kontrola społeczna. Skargi i zażalenia.
    • 4
    • UKD2
    • 7642
    • x
    • Poddział wspólny
    • (438)
    • c
    • Dopowiedzenie poddz. wspólnego
    • (Polska).
650 -Hasło przedmiotowe [ ,7]
    • a
    • Hasło przedmiotowe
    • Kontrola finansowa
    • z
    • Określnik geograficzny
    • Polska.
    • 2
    • Źródło terminu
    • kaba
    • 9
    • KHW
    • 354324
980 -Symbol UKD [ , ]
    • a
    • UKD
    • 336:351.9](438)
700 -Hasło dodatkowe - nazwa osobowa [1, ]
    • a
    • Nazwa osobowa (NP)
    • Sochacka-Krysiak, Hanna Find
    • d
    • Daty biograficzne (NP)
    • (1931-2015).
    • 9
    • KHW
    • 15092
710 -Hasło dodatkowe - nazwa ciała zbiorowego [2, ]
    • a
    • Nazwa ciała zbiorowego lub nazwa geograficzna jako pierwszy element (NP)
    • Państwowe Wydawnictwo Ekonomiczne.
    • 4
    • Kod relacji
    • pbl
    • 9
    • KHW
    • 56286
920 -ISBN [ , ]
    • a
    • ISBN
    • 83-208-0805-7 Find
Status udost. Uwagi nie widoczne w OPAC Sygnatura Numer inwentarzowy Lokalizacja Data inwentaryzacji
-3retrokonwersja S.72226BE 
1retrokonwersja E.60078BE2010-07-12
2retrokonwersja S.72227BE 
2retrokonwersja S.72228BE 
2retrokonwersja S.72229BE 
2retrokonwersja S.72230BE 
2retrokonwersja S.72231BE 
2retrokonwersja S.72233BE 
2retrokonwersja S.72234BE 
2retrokonwersja S.71719BE 
2retrokonwersja S.71720BE 
2retrokonwersja S.71721BE 
2retrokonwersja S.71722BE 
2retrokonwersja S.71723BE 
-3 W.173919W.173919BG1994-02-21
-3 W.173919W.173920BG1994-02-21
2 W.173919W.173921BG1994-02-21
1retrokonwersja Z.80534BG2010-07-12
1retrokonwersjaSA.4523SA.4523BSA 
-3retrokonwersja TS.72232T